Metafora e vita quotidiana (Record n. 65463)
[ formato base ]
| 000 -LEADER | |
|---|---|
| fixed length control field | 01657nam a2200349Ia 4500 |
| 001 - CONTROL NUMBER | |
| control field | 18826 |
| 003 - CONTROL NUMBER IDENTIFIER | |
| control field | IT-RoPAU |
| 008 - FIXED-LENGTH DATA ELEMENTS--GENERAL INFORMATION | |
| fixed length control field | 130308s9999 xx 000 0 und d |
| 040 ## - CATALOGING SOURCE | |
| Original cataloging agency | IT-RoPAU |
| 040 ## - CATALOGING SOURCE | |
| Transcribing agency | IT-RoPAU |
| 041 ## - LANGUAGE CODE | |
| Language code of text/sound track or separate title | ITALIANO |
| 999 ## - SYSTEM CONTROL NUMBERS (KOHA) | |
| Koha Dewey Subclass [OBSOLETE] | SI |
| 100 ## - MAIN ENTRY--PERSONAL NAME | |
| Personal name | Lakoff George |
| 100 ## - MAIN ENTRY--PERSONAL NAME | |
| Miscellaneous information | Codice Aut. SPICS: 12536 |
| 240 ## - UNIFORM TITLE | |
| Uniform title | METAPHORS WE LIVE BY |
| 240 ## - UNIFORM TITLE | |
| Miscellaneous information | Codice Tit. Orig. Spics: T0812 |
| 245 ## - TITLE STATEMENT | |
| Title | Metafora e vita quotidiana |
| 245 ## - TITLE STATEMENT | |
| Remainder of title | Metafora e Vita Quotidiana |
| 250 ## - EDITION STATEMENT | |
| Edition statement | 1a ed. |
| 260 ## - PUBLICATION, DISTRIBUTION, ETC. (IMPRINT) | |
| Place of publication, distribution, etc. | ROMA |
| 260 ## - PUBLICATION, DISTRIBUTION, ETC. (IMPRINT) | |
| Name of publisher, distributor, etc. | Espresso Strumenti |
| 260 ## - PUBLICATION, DISTRIBUTION, ETC. (IMPRINT) | |
| Date of publication, distribution, etc. | 1982 [1° Ed.:1982 - Ed.Ling.Originale:1980] |
| 300 ## - PHYSICAL DESCRIPTION | |
| Extent | "264 p. (prefazione: no ; testo: 264)" |
| 500 ## - GENERAL NOTE | |
| General note | Concetti con Cui Viviamo Sistematicità dei Concetti Metaforici Sistematicità metaforica mettere in Luce e Nascondere metafore di Orientamento Metafora e Coerenza Culturale metafore Ontologiche Personificazione Metonimia Critiche Alla Coerenza metaforica Natura Parziale della Strutturazione metaforica Come è Fondato Il Nostro Sistema concettuale basi delle metafore Strutturali Causalità Strutturazione Coerente dell'Esperienza Coerenza metaforica Definizione e Comprensione Come la Metafora Puo' Dare Significato Alla Forma Creazione della Similarità Metafora Verità e Azione Mito dell'Oggettivismo e del soggettivismo Oggettivismo nella Filosofia e Linguistica Occidentale Limiti dell'Oggettivismo Insufficienze del Mito del soggettivismo Comprensione |
| 650 ## - SUBJECT ADDED ENTRY--TOPICAL TERM | |
| Topical term or geographic name as entry element | LOGICA FILOSOFICA |
| 650 ## - SUBJECT ADDED ENTRY--TOPICAL TERM | |
| Relator term | Codice materia Spics: 3151 |
| 700 ## - ADDED ENTRY--PERSONAL NAME | |
| Personal name | Johnson Mark |
| 700 ## - ADDED ENTRY--PERSONAL NAME | |
| Miscellaneous information | Codice Aut. SPICS: 12537 |
| 942 ## - ADDED ENTRY ELEMENTS (KOHA) | |
| Koha item type | LIBRO |
| 957 ## - | |
| -- | 1 |
| 999 ## - SYSTEM CONTROL NUMBERS (KOHA) | |
| -- | 1 |
| Withdrawn status | Lost status | Damaged status | Not for loan | Home library | Current library | Date acquired | Total Checkouts | Full call number | Date last seen | Price effective from | Koha item type | Public note |
|---|---|---|---|---|---|---|---|---|---|---|---|---|
| Buone Condizioni | Not For Loan | SPICS-MEDIATECA | SPICS-MEDIATECA | 08/03/2013 | 18826 | 08/03/2013 | 08/03/2013 | LIBRO | Progressivo inserimento: 2013 / N. Volumi: 1 Copie: 1 Copia Rara: SI / data import: 1 marzo 2013 - By Epidotti, Trombetti, Vaglietti. |